| 000 | 00440nam a22001817a 4500 | ||
|---|---|---|---|
| 003 | CEME | ||
| 005 | 20210628204807.0 | ||
| 008 | 210222b xxu||||| |||| 00| 0 eng d | ||
| 020 | _a0-262-11207-8 | ||
| 040 | _c. | ||
| 082 | _a004.67 PUB'K | ||
| 100 |
_aKeller, James Kahin, Brian _972407 |
||
| 245 | _aPublic access to the internet | ||
| 260 |
_aLONDON _bMIT _c1995 |
||
| 300 | _a390P | ||
| 650 |
_aINTERNET _917965 |
||
| 942 |
_cBK _2ddc |
||
| 999 |
_c578452 _d578452 |
||